000 00607nam a22001817a 4500
003 UA-OsUOA
001 13946
007 ta
008 20030706b un ||||| |||| 00| 0 ukr d
100 _aГордич В.
942 _cSA
040 _aUA-OsUOA
_cUA-OsUOA
_dUA-OsUOA
245 _aІталійська кава в Рівному : [Італієць Йосип Бертоза відкрив у Рівному з-д по виготовленню кави]
300 _aС.3
955 _a0
773 0 _w0
_tСім днів
_dРівне
_d2003
_g№25/20 черв./
650 7 _aЙосип Бертоза
_2UDC
999 _c300107
_d300107